000 00640nam a2200193 i 4500
001 37136
003 ES-MaACL
005 20240126062958.0
007 t|
008 030220q19001999gw ||||1| ger d
100 1 _aBurckhardt, Jacob,
_d1818-1897
_932584
245 1 0 _aWeltgeschiechtliche Betrachtungen /
_cvon Jacob Burckhardt ; mit nachwort herausgegeben von Rudolf Marx.
260 _aLeipzig :
_bAlfred Kröner,
_c[19--?] (
_fJ.B. Hirschfeld)
300 _a394 p. ;
_c18 cm.
650 4 _aHistoria-
_xFilosofía.
_913380
700 1 _aMarx, Rudolf.
_978598
852 _aES-MaACL
_jA-4726
_bR.16678
999 _c37136
_d37136